Statistiques concernant Les 10 villes les plus visitées au monde en 2023

Cliquez ici pour prendre le quiz!

Statistiques générales

  • Ce quiz a été pris 88 fois
  • Le résultat moyen est 4 sur 10

Statistiques - réponses

ClassementVilleNombre de visiteurs% Correct
5Paris15,5 Millions
100%
8New York11,7 Millions
97%
2Londres18,8 Millions
86%
3Dubaï16,8 Millions
38%
1Istanbul20,2 Millions
36%
7Bangkok12,2 Millions
27%
6Hong Kong14,7 Millions
15%
9Cancún10,8 Millions
11%
10La Mecque10,8 Millions
7%
4Antalya16,5 Millions
5%

Distribution des résultats

Percentile par nombre de réponses

% des personnes avec chaque résultat

Votre développement - résultats

Vous n’avez pas pris ce quiz